Meet the Super Duper Seven / Tim Hamilton.
The Super Duper Seven are holding auditions for their crime-fighting superhero club but Hungry Kitty keeps eating members of the team.
Record details
- ISBN: 9780823449101
- ISBN: 0823449106
- Physical Description: 1 volume (unpaged) : color illustrations ; 24 cm.
- Edition: First edition.
- Publisher: New York : Holiday House, 2022
Content descriptions
| Target Audience Note: | Ages 6-8 Holiday House. Grades K-1 Holiday House. |
Search for related items by subject
| Genre: | Easy readers. Humorous fiction. Graphic novels. Readers (Publications) Superhero fiction. Funny animal comics. |
Search for related items by series
Available copies
- 1 of 1 copy available at scottsboropl.
Holds
- 0 current holds with 1 total copy.
Show Only Available Copies
| Location | Call Number / Copy Notes | Barcode | Shelving Location | Status | Due Date |
|---|---|---|---|---|---|
| scottsboropl | BR Hom | 32269001223935 | Juvenile - Beginning Reader | Available | - |
| LDR | 02445cam a22006618i 4500 | ||
|---|---|---|---|
| 001 | 159123 | ||
| 003 | SBPL | ||
| 005 | 20220914092235.0 | ||
| 008 | 210805t20222022nyua b 6 000 1 eng | ||
| 010 | . | ‡a 2021034062 | |
| 020 | . | ‡a9780823449101 ‡q(hardcover) | |
| 020 | . | ‡a0823449106 ‡q(hardcover) | |
| 035 | . | ‡a(OCoLC)1263246320 | |
| 050 | 0 | 0. | ‡aPZ7.7 ‡b.H3617 2022 |
| 082 | 0 | 0. | ‡a741.5/973 ‡223 |
| 100 | 1 | . | ‡aHamilton, Tim, ‡eauthor, ‡eillustrator. |
| 245 | 1 | 0. | ‡aMeet the Super Duper Seven / ‡cTim Hamilton. |
| 250 | . | ‡aFirst edition. | |
| 264 | 1. | ‡aNew York : ‡bHoliday House, ‡c2022 | |
| 300 | . | ‡a1 volume (unpaged) : ‡bcolor illustrations ; ‡c24 cm. | |
| 336 | . | ‡atext ‡btxt ‡2rdacontent | |
| 336 | . | ‡astill image ‡bsti ‡2rdacontent | |
| 337 | . | ‡aunmediated ‡bn ‡2rdamedia | |
| 338 | . | ‡avolume ‡bnc ‡2rdacarrier | |
| 490 | 1 | . | ‡aI like to read comics |
| 521 | . | ‡aAges 6-8 ‡bHoliday House. | |
| 521 | . | ‡aGrades K-1 ‡bHoliday House. | |
| 520 | . | ‡aThe Super Duper Seven are holding auditions for their crime-fighting superhero club but Hungry Kitty keeps eating members of the team. | |
| 650 | 0. | ‡aSuperheroes ‡vJuvenile fiction ‡vComic books, strips, etc. | |
| 650 | 0. | ‡aAuditions ‡vJuvenile fiction ‡vComic books, strips, etc. | |
| 650 | 0. | ‡aAnimals ‡vJuvenile fiction ‡vComic books, strips, etc. | |
| 650 | 0. | ‡aAbility ‡vJuvenile fiction ‡vComic books, strips, etc. | |
| 650 | 0. | ‡aClubs ‡vJuvenile fiction ‡vComic books, strips, etc. | |
| 655 | 0. | ‡aEasy readers. | |
| 655 | 7. | ‡aHumorous fiction. ‡2lcgft | |
| 655 | 7. | ‡aGraphic novels. ‡2lcgft | |
| 655 | 7. | ‡aReaders (Publications) ‡2lcgft | |
| 655 | 7. | ‡aSuperhero fiction. ‡2lcgft | |
| 655 | 7. | ‡aFunny animal comics. ‡2lcgft | |
| 830 | 0. | ‡aI like to read comics. | |
| 901 | . | ‡a159123 ‡b ‡c159123 ‡tbiblio | |